| 000 | 01066nac a22003131u 4500 | ||
|---|---|---|---|
| 003 | EG-ScBUE | ||
| 005 | 20220705110311.0 | ||
| 008 | 130108s1998 enkac f 000 0 eng d | ||
| 020 | _a0194228703 | ||
| 020 | _a9780194228701 | ||
| 040 |
_aEG-ScBUE _beng _erda _cEG-ScBUE _dEG-ScBUE |
||
| 082 | 0 | 4 |
_a428.6 _bVIC _222 |
| 100 | 1 |
_aVicary, Tim, _d1949- _eauthor. _931796 |
|
| 245 | 1 | 0 |
_aDiana : _bprincess of wales / _cTim Vicary. |
| 264 | 1 |
_aOxford ; _aNew York : _bOxford University Press, _c1998. |
|
| 300 |
_a22 pages : _bcolor illustrations, color portraits ; _c21 cm. |
||
| 336 |
_2rdacontent _atext _btxt |
||
| 337 |
_2rdamedia _aunmediated _bn |
||
| 338 |
_2rdacarrier _avolume _bnc |
||
| 490 | 0 | _aFact files | |
| 490 | 0 |
_aOxford book worms ; _v1 |
|
| 600 | 0 | 7 |
_aDiana, _cPrincess of Wales, _d1961-1997. _2BUEsh |
| 650 | 7 |
_aEnglish language _vTextbooks for foreign speakers. _2BUEsh |
|
| 650 | 7 |
_aPrincesses _zGreat Britain _vBiography. _2BUEsh _931798 |
|
| 651 | _2BUEsh | ||
| 653 | _bHHUUEENN | ||
| 655 |
_vReading book _934232 |
||
| 942 |
_cBB _2ddc |
||
| 999 |
_c2272 _d2272 |
||